Inazuma Eleven 2 : Équipes - Statistiques

Statistiques générales
  • Ce quiz a été pris 72 fois
  • Le résultat moyen est 10 sur 16
Statistiques - réponses
Par images Réponse % Correct
Raimon
100%
Alpin
89%
Epsilon
82%
Tempête des Gémeaux
80%
Genesis
73%
Diamond Dust
65%
Empereurs Noirs
62%
Chaos
61%
Triple C
58%
Cloitre Sacré
55%
Mary Times
53%
Royale Académie
52%
Nouvelle Royale Académie
48%
Fauxshore
47%
Services Secrets
44%
Nouvel Epsilon
30%
Aucun quiz correspondant
Distribution des résultats
% des personnes avec chaque résultat
Percentile par nombre de réponses
Votre historique - résultats
Vous n’avez pas pris ce quiz